[Event "EUYCC 2025 - U14"]
[Site "?"]
[Date "2025.08.27"]
[Round "9.3"]
[White "Belocky, Daniel"]
[Black "Matejka, Simon"]
[Result "1/2-1/2"]
[BlackElo "1950"]
[WhiteElo "1683"]
[LiveChessVersion "1.4.8"]

1. d4 {[%clk 1:30:58]} Nf6 {[%clk 1:30:43]} 2. Nc3 {[%clk 1:31:23]} d5
{[%clk 1:29:37]} 3. Bf4 {[%clk 1:31:46]} Nh5 {[%clk 1:28:27]} 4. Be5
{[%clk 1:31:49]} f6 {[%clk 1:27:50]} 5. e4 {[%clk 1:31:02]} g6 {[%clk 1:27:40]}
6. Bg3 {[%clk 1:24:53]} Nxg3 {[%clk 1:25:31]} 7. hxg3 {[%clk 1:25:17]} dxe4
{[%clk 1:24:20]} 8. Nxe4 {[%clk 1:25:00]} Bg7 {[%clk 1:23:11]} 9. Bc4
{[%clk 1:25:12]} Nd7 {[%clk 1:17:14]} 10. Nf3 {[%clk 1:22:38]} c6
{[%clk 1:08:28]} 11. Qe2 {[%clk 1:20:40]} Nb6 {[%clk 1:04:20]} 12. Bb3
{[%clk 1:19:16]} Nd5 {[%clk 0:59:43]} 13. O-O-O {[%clk 1:09:22]} Qc7
{[%clk 0:51:55]} 14. Nc5 {[%clk 1:07:41]} b6 {[%clk 0:48:21]} 15. Ne6
{[%clk 1:07:13]} Bxe6 {[%clk 0:48:38]} 16. Qxe6 {[%clk 1:07:39]} Qd7
{[%clk 0:47:56]} 17. Rde1 {[%clk 1:07:32]} Qxe6 {[%clk 0:48:09]} 18. Rxe6
{[%clk 1:07:56]} Kd7 {[%clk 0:48:09]} 19. Rhe1 {[%clk 1:07:29]} Rhe8
{[%clk 0:47:04]} 20. Bxd5 {[%clk 1:07:04]} cxd5 {[%clk 0:47:29]} 21. g4
{[%clk 1:06:12]} Rac8 {[%clk 0:42:06]} 22. c3 {[%clk 1:04:19]} Rc6
{[%clk 0:41:25]} 23. R6e2 {[%clk 1:02:59]} e6 {[%clk 0:37:04]} 24. Kc2
{[%clk 1:02:14]} Re7 {[%clk 0:35:28]} 25. Kd3 {[%clk 1:01:52]} Rc8
{[%clk 0:32:55]} 26. g5 {[%clk 1:01:36]} Rce8 {[%clk 0:31:07]} 27. gxf6
{[%clk 1:01:44]} Bxf6 {[%clk 0:31:32]} 28. Ne5+ {[%clk 1:02:11]} Bxe5
{[%clk 0:31:18]} 29. Rxe5 {[%clk 1:02:26]} Rf8 {[%clk 0:30:58]} 30. f3
{[%clk 1:02:07]} Rf5 {[%clk 0:27:58]} 31. b3 {[%clk 0:58:39]} Rxe5
{[%clk 0:24:39]} 32. Rxe5 {[%clk 0:58:55]} Kd6 {[%clk 0:21:21]} 33. g4
{[%clk 0:56:19]} Rf7 {[%clk 0:21:31]} 34. Ke3 {[%clk 0:55:59]} Rc7
{[%clk 0:20:39]} 35. Kd3 {[%clk 0:55:25]} 1/2-1/2

[Event "EUYCC 2025 - U14"]
[Site "?"]
[Date "2025.08.27"]
[Round "9.4"]
[White "Petroff, Vlad"]
[Black "Bundan, Edward"]
[Result "1-0"]
[BlackElo "1976"]
[WhiteElo "2081"]
[LiveChessVersion "1.4.8"]

1. e4 {[%clk 1:30:53]} c5 {[%clk 1:30:55]} 2. Nf3 {[%clk 1:31:10]} Nc6
{[%clk 1:31:17]} 3. Bb5 {[%clk 1:31:25]} g6 {[%clk 1:31:40]} 4. Bxc6
{[%clk 1:31:02]} bxc6 {[%clk 1:32:02]} 5. c3 {[%clk 1:29:54]} Bg7
{[%clk 1:31:32]} 6. d4 {[%clk 1:27:38]} cxd4 {[%clk 1:31:44]} 7. cxd4
{[%clk 1:28:06]} Nf6 {[%clk 1:31:44]} 8. Nc3 {[%clk 1:27:28]} d5 {[%clk 1:30:51]}
9. e5 {[%clk 1:26:21]} Ne4 {[%clk 1:30:32]} 10. O-O {[%clk 1:23:04]} O-O
{[%clk 1:29:48]} 11. Re1 {[%clk 1:19:58]} f5 {[%clk 1:22:53]} 12. exf6
{[%clk 1:16:00]} exf6 {[%clk 1:22:51]} 13. Nxe4 {[%clk 1:13:29]} dxe4
{[%clk 1:23:14]} 14. Rxe4 {[%clk 1:13:49]} Qd5 {[%clk 1:16:54]} 15. Qe1
{[%clk 0:59:40]} Bf5 {[%clk 1:15:22]} 16. Re3 {[%clk 0:55:44]} Rab8
{[%clk 1:08:33]} 17. b3 {[%clk 0:53:40]} Rfd8 {[%clk 1:03:40]} 18. Bb2
{[%clk 0:46:14]} Bh6 {[%clk 1:00:10]} 19. Rc3 {[%clk 0:40:49]} Bf8
{[%clk 0:59:48]} 20. Qc1 {[%clk 0:37:34]} Rbc8 {[%clk 0:58:59]} 21. Ba3
{[%clk 0:36:43]} Bxa3 {[%clk 0:51:30]} 22. Qxa3 {[%clk 0:37:10]} Be4
{[%clk 0:48:25]} 23. Qxa7 {[%clk 0:34:32]} Bxf3 {[%clk 0:35:08]} 24. Rxf3
{[%clk 0:33:22]} f5 {[%clk 0:34:05]} 25. Re3 {[%clk 0:30:34]} Rd7
{[%clk 0:32:28]} 26. Qa6 {[%clk 0:30:37]} Rcd8 {[%clk 0:28:24]} 27. Rc1
{[%clk 0:30:18]} Rd6 {[%clk 0:25:23]} 28. g3 {[%clk 0:22:00]} Qxd4
{[%clk 0:10:25]} 29. Rec3 {[%clk 0:17:45]} c5 {[%clk 0:08:30]} 30. Qa5
{[%clk 0:16:56]} Qe4 {[%clk 0:07:17]} 31. Re3 {[%clk 0:14:09]} Qc6
{[%clk 0:05:51]} 32. Ree1 {[%clk 0:13:07]} Rd5 {[%clk 0:05:26]} 33. Qc3
{[%clk 0:11:55]} Qd6 {[%clk 0:05:28]} 34. Qc4 {[%clk 0:09:44]} Kg7
{[%clk 0:05:36]} 35. Qc3+ {[%clk 0:08:21]} Kg8 {[%clk 0:05:42]} 36. Qe3
{[%clk 0:08:47]} Kf7 {[%clk 0:04:27]} 37. Rc2 {[%clk 0:08:00]} Rd1
{[%clk 0:04:06]} 38. Rce2 {[%clk 0:08:07]} Rxe1+ {[%clk 0:04:26]} 39. Rxe1
{[%clk 0:08:36]} Kg7 {[%clk 0:03:33]} 40. Qe7+ {[%clk 0:06:35]} Kg8
{[%clk 0:03:39]} 41. Qxd6 {[%clk 0:04:25]} Rxd6 {[%clk 0:04:07]} 42. Re2
{[%clk 0:04:44]} Kf7 {[%clk 0:04:18]} 43. Kg2 {[%clk 0:05:01]} Rd3
{[%clk 0:04:29]} 44. Rc2 {[%clk 0:05:20]} Rd5 {[%clk 0:04:39]} 45. Kf3
{[%clk 0:04:27]} Ke6 {[%clk 0:04:48]} 46. Ke3 {[%clk 0:04:35]} g5
{[%clk 0:04:53]} 47. f4 {[%clk 0:03:37]} gxf4+ {[%clk 0:04:20]} 48. gxf4
{[%clk 0:04:02]} Rd1 {[%clk 0:04:03]} 49. Rxc5 {[%clk 0:04:15]} Re1+
{[%clk 0:04:21]} 50. Kf2 {[%clk 0:04:29]} Ra1 {[%clk 0:03:52]} 51. a4
{[%clk 0:04:55]} Ra3 {[%clk 0:03:47]} 52. Rb5 {[%clk 0:05:20]} Ra2+
{[%clk 0:03:47]} 53. Kg3 {[%clk 0:05:44]} Rd2 {[%clk 0:03:59]} 54. a5
{[%clk 0:05:45]} Rd3+ {[%clk 0:04:17]} 55. Kh4 {[%clk 0:05:52]} Rd2
{[%clk 0:04:20]} 56. h3 {[%clk 0:06:05]} Rf2 {[%clk 0:04:25]} 57. Kg3
{[%clk 0:06:27]} Rc2 {[%clk 0:04:13]} 58. b4 {[%clk 0:06:52]} Rc3+
{[%clk 0:04:29]} 59. Kh4 {[%clk 0:06:54]} Rc4 {[%clk 0:04:37]} 60. a6
{[%clk 0:06:32]} Rc8 {[%clk 0:04:19]} 61. a7 {[%clk 0:06:37]} Ra8
{[%clk 0:04:21]} 62. Rb7 {[%clk 0:07:03]} Kd6 {[%clk 0:04:41]} 63. b5
{[%clk 0:07:29]} 1-0

[Event "EUYCC 2025 - U14"]
[Site "?"]
[Date "2025.08.27"]
[Round "9.5"]
[White "Bolla, Zsofia"]
[Black "Rzadkowska, Kaja"]
[Result "0-1"]
[BlackElo "1878"]
[WhiteElo "1772"]
[LiveChessVersion "1.4.8"]

1. e4 {[%clk 1:30:58]} c5 {[%clk 1:30:55]} 2. Nf3 {[%clk 1:31:22]} d6
{[%clk 1:31:19]} 3. d4 {[%clk 1:31:40]} cxd4 {[%clk 1:31:43]} 4. Nxd4
{[%clk 1:32:04]} Nf6 {[%clk 1:32:07]} 5. Nc3 {[%clk 1:32:25]} a6 {[%clk 1:32:27]}
6. Be2 {[%clk 1:32:41]} e5 {[%clk 1:32:49]} 7. Nf3 {[%clk 1:32:41]} Be7
{[%clk 1:32:37]} 8. O-O {[%clk 1:32:53]} O-O {[%clk 1:32:39]} 9. h3
{[%clk 1:33:09]} Be6 {[%clk 1:31:58]} 10. Bg5 {[%clk 1:31:30]} Nbd7
{[%clk 1:30:24]} 11. Re1 {[%clk 1:29:49]} Rc8 {[%clk 1:26:20]} 12. Qd2
{[%clk 1:28:37]} Qc7 {[%clk 1:18:40]} 13. Rac1 {[%clk 1:23:49]} b5
{[%clk 1:11:00]} 14. a3 {[%clk 1:22:09]} Nb6 {[%clk 1:07:59]} 15. Nh4
{[%clk 1:04:42]} Rfd8 {[%clk 1:00:09]} 16. f4 {[%clk 0:52:25]} h6
{[%clk 0:55:20]} 17. Bxf6 {[%clk 0:51:45]} Bxf6 {[%clk 0:55:35]} 18. Nf3
{[%clk 0:51:58]} exf4 {[%clk 0:52:56]} 19. Qxf4 {[%clk 0:46:21]} Bxc3
{[%clk 0:51:10]} 20. bxc3 {[%clk 0:46:44]} Qxc3 {[%clk 0:50:11]} 21. Kh1
{[%clk 0:46:51]} Nc4 {[%clk 0:41:01]} 22. Bd3 {[%clk 0:44:21]} Ne5
{[%clk 0:36:30]} 23. Nxe5 {[%clk 0:44:22]} dxe5 {[%clk 0:35:07]} 24. Qf3
{[%clk 0:42:14]} Qxa3 {[%clk 0:32:26]} 25. Ra1 {[%clk 0:41:28]} Qc3
{[%clk 0:32:09]} 26. Qf2 {[%clk 0:40:28]} Rd6 {[%clk 0:30:02]} 27. Qh4
{[%clk 0:38:17]} Bc4 {[%clk 0:24:20]} 28. Qe7 {[%clk 0:37:43]} Re6
{[%clk 0:23:01]} 29. Qd7 {[%clk 0:36:41]} Bxd3 {[%clk 0:22:19]} 30. cxd3
{[%clk 0:36:55]} b4 {[%clk 0:20:02]} 31. Rf1 {[%clk 0:36:04]} Rc7
{[%clk 0:18:57]} 32. Qd8+ {[%clk 0:34:28]} Kh7 {[%clk 0:18:11]} 33. Rab1
{[%clk 0:34:32]} a5 {[%clk 0:13:53]} 34. Qd5 {[%clk 0:34:28]} Qc5
{[%clk 0:12:21]} 35. Qa2 {[%clk 0:26:53]} Ree7 {[%clk 0:09:44]} 36. Ra1
{[%clk 0:26:47]} Ra7 {[%clk 0:10:05]} 37. Rfc1 {[%clk 0:26:47]} Qd4
{[%clk 0:09:47]} 38. Qb3 {[%clk 0:25:49]} Red7 {[%clk 0:09:41]} 39. Rd1
{[%clk 0:25:44]} Rdc7 {[%clk 0:09:44]} 40. Ra4 {[%clk 0:24:20]} Rc3
{[%clk 0:08:45]} 41. Qb1 {[%clk 0:22:57]} Qc5 {[%clk 0:08:27]} 42. Qa2
{[%clk 0:21:44]} Rc2 {[%clk 0:06:07]} 43. Qb3 {[%clk 0:21:34]} Rc7
{[%clk 0:05:47]} 44. Rda1 {[%clk 0:20:54]} Rc1+ {[%clk 0:05:29]} 45. Rxc1
{[%clk 0:21:16]} Qxc1+ {[%clk 0:05:56]} 46. Kh2 {[%clk 0:21:37]} Qf4+
{[%clk 0:06:11]} 47. g3 {[%clk 0:21:49]} Qf2+ {[%clk 0:06:31]} 0-1

[Event "EUYCC 2025 - U14"]
[Site "?"]
[Date "2025.08.27"]
[Round "9.6"]
[White "Migalko, Dmitriy"]
[Black "Myronova, Sofia"]
[Result "1/2-1/2"]
[BlackElo "1496"]
[WhiteElo "1916"]
[LiveChessVersion "1.4.8"]

1. e4 {[%clk 1:30:57]} c5 {[%clk 1:30:59]} 2. Nf3 {[%clk 1:31:19]} d6
{[%clk 1:31:24]} 3. Bb5+ {[%clk 1:31:43]} Bd7 {[%clk 1:31:42]} 4. Bxd7+
{[%clk 1:32:07]} Qxd7 {[%clk 1:32:07]} 5. c4 {[%clk 1:32:28]} Nc6
{[%clk 1:32:00]} 6. d4 {[%clk 1:32:31]} cxd4 {[%clk 1:31:56]} 7. Nxd4
{[%clk 1:32:55]} Nf6 {[%clk 1:32:21]} 8. Nc3 {[%clk 1:33:19]} g6 {[%clk 1:32:24]}
9. b3 {[%clk 1:33:43]} Bg7 {[%clk 1:32:50]} 10. Bb2 {[%clk 1:34:08]} Qg4
{[%clk 1:33:04]} 11. Qxg4 {[%clk 1:29:35]} Nxg4 {[%clk 1:33:24]} 12. Nxc6
{[%clk 1:28:48]} bxc6 {[%clk 1:33:49]} 13. h3 {[%clk 1:27:43]} Ne5
{[%clk 1:34:11]} 14. Rd1 {[%clk 1:26:50]} Nd7 {[%clk 1:33:54]} 15. O-O
{[%clk 1:24:29]} O-O {[%clk 1:29:23]} 16. Na4 {[%clk 1:16:44]} Bxb2
{[%clk 1:16:47]} 17. Nxb2 {[%clk 1:17:10]} Rfd8 {[%clk 1:13:45]} 18. Rfe1
{[%clk 1:14:21]} f6 {[%clk 1:10:16]} 19. f4 {[%clk 1:12:16]} Rab8
{[%clk 1:07:19]} 20. Nd3 {[%clk 1:09:02]} Kg7 {[%clk 1:01:11]} 21. b4
{[%clk 1:03:48]} a5 {[%clk 0:56:31]} 22. bxa5 {[%clk 1:01:25]} Ra8
{[%clk 0:56:54]} 23. e5 {[%clk 0:56:43]} dxe5 {[%clk 0:53:07]} 24. fxe5
{[%clk 0:57:07]} Nxe5 {[%clk 0:52:41]} 25. Nxe5 {[%clk 0:53:00]} Rxd1
{[%clk 0:52:31]} 26. Rxd1 {[%clk 0:53:20]} fxe5 {[%clk 0:52:50]} 27. Rd7
{[%clk 0:53:08]} Kf7 {[%clk 0:51:49]} 28. Rc7 {[%clk 0:51:29]} Ra6
{[%clk 0:51:55]} 29. Kf2 {[%clk 0:51:15]} Ke8 {[%clk 0:51:35]} 30. Ke3
{[%clk 0:49:21]} Kf7 {[%clk 0:47:33]} 31. g4 {[%clk 0:36:04]} h6 {[%clk 0:46:01]}
32. Ke4 {[%clk 0:35:03]} Kf6 {[%clk 0:46:15]} 33. h4 {[%clk 0:33:44]} Ke6
{[%clk 0:41:09]} 34. c5 {[%clk 0:29:51]} Kf6 {[%clk 0:39:56]} 35. a3
{[%clk 0:29:28]} g5 {[%clk 0:38:25]} 36. hxg5+ {[%clk 0:29:11]} 1/2-1/2

[Event "EUYCC 2025 - U14"]
[Site "?"]
[Date "2025.08.27"]
[Round "9.7"]
[White "Kubalova, Nikol"]
[Black "Debowska, Olga"]
[Result "0-1"]
[BlackElo "1783"]
[WhiteElo "1453"]
[LiveChessVersion "1.4.8"]

1. d4 {[%clk 1:30:53]} d5 {[%clk 1:30:56]} 2. Bf4 {[%clk 1:31:09]} Nf6
{[%clk 1:31:13]} 3. e3 {[%clk 1:30:41]} c5 {[%clk 1:31:18]} 4. c3
{[%clk 1:30:30]} Nc6 {[%clk 1:31:16]} 5. Nf3 {[%clk 1:30:07]} Qb6
{[%clk 1:31:36]} 6. Qc2 {[%clk 1:27:44]} Bf5 {[%clk 1:31:13]} 7. Qc1
{[%clk 1:22:25]} h6 {[%clk 1:29:55]} 8. Nbd2 {[%clk 1:21:11]} cxd4
{[%clk 1:29:16]} 9. cxd4 Rc8 {[%clk 1:29:26]} 10. Qc5 {[%clk 1:04:09]} Qxb2
{[%clk 1:26:06]} 11. Nb3 {[%clk 0:58:49]} e5 {[%clk 1:24:57]} 12. Qc1
{[%clk 0:37:49]} Bb4+ {[%clk 1:24:08]} 13. Nfd2 {[%clk 0:35:17]} Qxc1+
{[%clk 1:24:28]} 14. Rxc1 {[%clk 0:35:29]} exf4 {[%clk 1:24:55]} 15. exf4
{[%clk 0:35:14]} O-O {[%clk 1:25:20]} 16. Kd1 {[%clk 0:34:34]} Ng4
{[%clk 1:25:06]} 17. Ke1 {[%clk 0:28:58]} Rfe8+ {[%clk 1:25:22]} 18. Be2
{[%clk 0:27:02]} Bd3 {[%clk 1:25:44]} 19. Rf1 {[%clk 0:14:52]} Bxe2
{[%clk 1:25:29]} 20. f3 {[%clk 0:13:39]} Bxf3# {[%clk 1:21:57]} 0-1

[Event "EUYCC 2025 - U14"]
[Site "?"]
[Date "2025.08.27"]
[Round "9.8"]
[White "Plechacek, Matej"]
[Black "Malureanu, Andrei"]
[Result "0-1"]
[BlackElo "1585"]
[WhiteElo "1741"]
[LiveChessVersion "1.4.8"]

1. d4 {[%clk 1:30:55]} d6 {[%clk 1:30:56]} 2. Nf3 {[%clk 1:31:20]} Nf6
{[%clk 1:31:06]} 3. Bg5 {[%clk 1:30:23]} Nbd7 {[%clk 1:30:00]} 4. e3
{[%clk 1:30:44]} g6 {[%clk 1:29:49]} 5. Nbd2 {[%clk 1:31:06]} Bg7
{[%clk 1:29:50]} 6. c3 {[%clk 1:31:21]} O-O {[%clk 1:29:29]} 7. Be2
{[%clk 1:31:39]} Re8 {[%clk 1:29:31]} 8. O-O {[%clk 1:32:01]} e5 {[%clk 1:29:15]}
9. dxe5 {[%clk 1:30:52]} dxe5 {[%clk 1:27:43]} 10. Qc2 {[%clk 1:30:44]} c6
{[%clk 1:26:33]} 11. Rad1 {[%clk 1:30:26]} Qc7 {[%clk 1:24:09]} 12. Bc4
{[%clk 1:27:05]} Nb6 {[%clk 1:20:01]} 13. Bb3 {[%clk 1:27:20]} Be6
{[%clk 1:17:22]} 14. Bxe6 {[%clk 1:24:09]} Rxe6 {[%clk 1:17:40]} 15. h3
{[%clk 1:23:12]} Ree8 {[%clk 1:16:03]} 16. Rfe1 {[%clk 1:18:44]} Nbd7
{[%clk 1:14:12]} 17. Qb3 {[%clk 1:15:37]} Nc5 {[%clk 1:07:27]} 18. Qc2
{[%clk 1:15:57]} e4 {[%clk 1:05:17]} 19. Bf4 {[%clk 1:13:06]} Qb6
{[%clk 1:04:28]} 20. Ne5 {[%clk 1:09:58]} Nd5 {[%clk 0:56:10]} 21. Ndc4
{[%clk 1:08:02]} Qa6 {[%clk 0:50:33]} 22. b4 {[%clk 1:03:26]} Na4
{[%clk 0:46:20]} 0-1

[Event "EUYCC 2025 - U14"]
[Site "?"]
[Date "2025.08.27"]
[Round "9.9"]
[White "Amvrosiadis, Themistoklis"]
[Black "Jenikova, Sabina"]
[Result "1-0"]
[BlackElo "1491"]
[WhiteElo "1625"]
[LiveChessVersion "1.4.8"]

1. Nf3 {[%clk 1:30:57]} e6 {[%clk 1:30:45]} 2. c4 {[%clk 1:30:19]} b6
{[%clk 1:30:59]} 3. g3 {[%clk 1:29:49]} Bb7 {[%clk 1:31:20]} 4. Bg2
{[%clk 1:30:12]} Nf6 {[%clk 1:31:16]} 5. d4 {[%clk 1:29:04]} Bb4+
{[%clk 1:31:07]} 6. Bd2 {[%clk 1:28:00]} Be7 {[%clk 1:31:20]} 7. O-O
{[%clk 1:25:41]} c5 {[%clk 1:21:43]} 8. Bc3 {[%clk 1:15:35]} d5 {[%clk 1:10:17]}
9. Ne5 {[%clk 1:01:10]} Nbd7 {[%clk 1:08:06]} 10. Nxd7 {[%clk 0:55:18]} Qxd7
{[%clk 1:01:02]} 11. dxc5 {[%clk 0:54:57]} bxc5 {[%clk 0:59:27]} 12. e3
{[%clk 0:49:20]} O-O {[%clk 0:54:11]} 13. Na3 {[%clk 0:45:21]} Ba6
{[%clk 0:48:09]} 14. Qd2 {[%clk 0:40:24]} Qa4 {[%clk 0:34:08]} 15. Qd1
{[%clk 0:34:38]} Qxd1 {[%clk 0:27:20]} 16. Rfxd1 {[%clk 0:34:30]} Rad8
{[%clk 0:27:24]} 17. cxd5 {[%clk 0:30:52]} exd5 {[%clk 0:24:04]} 18. Rd2
{[%clk 0:28:24]} Ne4 {[%clk 0:21:12]} 19. Bxe4 {[%clk 0:28:37]} dxe4
{[%clk 0:21:37]} 20. Rc1 {[%clk 0:19:15]} Rxd2 {[%clk 0:15:46]} 21. Bxd2
{[%clk 0:19:21]} Rb8 {[%clk 0:15:55]} 22. b3 {[%clk 0:16:29]} Bd3
{[%clk 0:15:02]} 23. Nc4 {[%clk 0:16:24]} Bf6 {[%clk 0:13:21]} 24. Na5
{[%clk 0:12:26]} Rc8 {[%clk 0:12:25]} 25. Bc3 {[%clk 0:10:37]} Bxc3
{[%clk 0:08:10]} 26. Rxc3 {[%clk 0:11:02]} Kf8 {[%clk 0:08:26]} 27. Nb7
{[%clk 0:09:29]} c4 {[%clk 0:08:16]} 28. Nd6 {[%clk 0:09:50]} Rc6
{[%clk 0:07:50]} 29. Nxc4 {[%clk 0:09:18]} a5 {[%clk 0:05:33]} 30. f3
{[%clk 0:05:56]} f5 {[%clk 0:05:33]} 31. f4 {[%clk 0:04:44]} a4 {[%clk 0:05:03]}
32. Kf2 {[%clk 0:02:48]} Ke7 {[%clk 0:04:44]} 33. Ke1 {[%clk 0:02:05]} axb3
{[%clk 0:04:40]} 34. axb3 {[%clk 0:02:17]} Ra6 {[%clk 0:00:45]} 35. Ne5
{[%clk 0:00:32]} Ra1+ 36. Kf2 Ra2+ 37. Kg1 Ra1+ 38. Kg2 Bf1+ 39. Kg1 Bd3+ 40. Kg2
Ra2+ 41. Kh3 Bf1+ 42. Kh4 Bd3 1-0

[Event "EUYCC 2025 - U14"]
[Site "?"]
[Date "2025.08.27"]
[Round "9.11"]
[White "Mojzisova, Barbora"]
[Black "Stricova, Julia Nela"]
[Result "1-0"]
[BlackElo "1675"]
[WhiteElo "1740"]
[LiveChessVersion "1.4.8"]

1. e4 {[%clk 1:30:54]} c5 {[%clk 1:30:57]} 2. Nf3 {[%clk 1:31:16]} d6
{[%clk 1:31:22]} 3. d4 {[%clk 1:31:34]} cxd4 {[%clk 1:31:48]} 4. Nxd4
{[%clk 1:31:58]} Nf6 {[%clk 1:32:14]} 5. Nc3 {[%clk 1:32:02]} g6 {[%clk 1:32:33]}
6. Be3 {[%clk 1:31:14]} Bg7 {[%clk 1:32:52]} 7. Bb5+ {[%clk 1:30:35]} Bd7
{[%clk 1:32:51]} 8. Bxd7+ {[%clk 1:30:21]} Nbxd7 {[%clk 1:33:10]} 9. f3
{[%clk 1:28:55]} O-O {[%clk 1:32:52]} 10. O-O {[%clk 1:27:42]} Ne5
{[%clk 1:27:55]} 11. Rb1 {[%clk 1:22:08]} Qd7 {[%clk 1:21:17]} 12. Qc1
{[%clk 1:14:57]} Rfc8 {[%clk 1:16:50]} 13. Bh6 {[%clk 1:08:32]} Nc6
{[%clk 1:13:47]} 14. Bxg7 {[%clk 1:03:01]} Kxg7 {[%clk 1:14:02]} 15. Qe3
{[%clk 1:00:36]} Nxd4 {[%clk 1:09:08]} 16. Qxd4 {[%clk 1:00:40]} Qc7
{[%clk 1:08:05]} 17. Rf2 {[%clk 0:56:17]} Qc5 {[%clk 1:01:07]} 18. Rd1
{[%clk 0:52:36]} Qxd4 {[%clk 0:51:34]} 19. Rxd4 {[%clk 0:52:52]} Kf8
{[%clk 0:51:25]} 20. Nd5 {[%clk 0:46:31]} Nxd5 {[%clk 0:47:01]} 21. exd5
{[%clk 0:43:00]} Rc7 {[%clk 0:46:50]} 22. Re2 {[%clk 0:42:19]} Rac8
{[%clk 0:46:59]} 23. c3 {[%clk 0:41:53]} b6 {[%clk 0:42:22]} 24. Rde4
{[%clk 0:41:22]} h6 {[%clk 0:40:26]} 25. g4 {[%clk 0:40:01]} g5 {[%clk 0:35:35]}
26. Kg2 {[%clk 0:38:59]} f6 {[%clk 0:34:33]} 27. Kg3 {[%clk 0:37:44]} Kf7
{[%clk 0:34:12]} 28. f4 {[%clk 0:33:56]} Rf8 {[%clk 0:32:37]} 29. h4
{[%clk 0:31:55]} b5 {[%clk 0:30:42]} 30. fxg5 {[%clk 0:30:17]} fxg5
{[%clk 0:30:55]} 31. Re6 {[%clk 0:28:16]} Rh8 {[%clk 0:30:30]} 32. Rf2+
{[%clk 0:24:35]} Kg7 {[%clk 0:29:37]} 33. hxg5 {[%clk 0:24:26]} hxg5
{[%clk 0:29:34]} 34. Rf5 {[%clk 0:24:22]} Rg8 {[%clk 0:28:43]} 35. Rxg5+
{[%clk 0:24:18]} Kf7 {[%clk 0:29:01]} 36. Rxg8 {[%clk 0:23:50]} Kxg8
{[%clk 0:29:23]} 37. Kf4 {[%clk 0:23:11]} Kf7 {[%clk 0:29:13]} 38. g5
{[%clk 0:19:50]} Rc8 {[%clk 0:27:13]} 39. g6+ {[%clk 0:19:37]} Kf8
{[%clk 0:26:20]} 40. Kg5 {[%clk 0:18:48]} Rc7 {[%clk 0:26:28]} 41. Kh6
{[%clk 0:18:16]} Kg8 {[%clk 0:26:48]} 42. g7 {[%clk 0:17:39]} Rd7
{[%clk 0:26:10]} 43. Re3 {[%clk 0:17:04]} Rc7 {[%clk 0:25:16]} 44. Rf3
{[%clk 0:16:47]} Rc8 {[%clk 0:25:40]} 45. Kg6 {[%clk 0:16:59]} 1-0

[Event "EUYCC 2025 - U14"]
[Site "?"]
[Date "2025.08.27"]
[Round "9.13"]
[White "Voronova, Anastassia"]
[Black "Kostov, Rubin"]
[Result "1-0"]
[BlackElo "1621"]
[WhiteElo "1502"]
[LiveChessVersion "1.4.8"]

1. e4 {[%clk 1:30:58]} d5 {[%clk 1:30:56]} 2. exd5 {[%clk 1:31:20]} Qxd5
{[%clk 1:31:21]} 3. Nc3 {[%clk 1:31:43]} Qa5 {[%clk 1:31:46]} 4. d4
{[%clk 1:31:56]} Nf6 {[%clk 1:32:11]} 5. Nf3 {[%clk 1:32:21]} Bf5
{[%clk 1:32:35]} 6. Bd2 {[%clk 1:26:26]} c6 {[%clk 1:32:57]} 7. Ne4
{[%clk 1:24:36]} Qd8 {[%clk 1:32:47]} 8. Nxf6+ {[%clk 1:22:31]} exf6
{[%clk 1:31:39]} 9. g3 {[%clk 1:20:11]} Bd6 {[%clk 1:31:21]} 10. Bg2
{[%clk 1:19:10]} O-O {[%clk 1:31:44]} 11. O-O {[%clk 1:18:39]} Nd7
{[%clk 1:31:48]} 12. Nh4 {[%clk 1:15:17]} Be6 {[%clk 1:31:51]} 13. b3
{[%clk 1:13:57]} Nb6 {[%clk 1:30:38]} 14. c4 {[%clk 1:13:37]} Bc7
{[%clk 1:30:59]} 15. Bc3 {[%clk 1:10:00]} Qd7 {[%clk 1:29:21]} 16. Re1
{[%clk 1:08:57]} Rad8 {[%clk 1:27:27]} 17. a4 {[%clk 1:07:55]} Bh3
{[%clk 1:25:13]} 18. Bh1 {[%clk 1:07:06]} Rfe8 {[%clk 1:20:30]} 19. Qd2
{[%clk 1:04:00]} Rxe1+ {[%clk 1:15:24]} 20. Rxe1 {[%clk 1:04:06]} Be6
{[%clk 1:15:18]} 21. a5 {[%clk 1:04:01]} Nc8 {[%clk 1:15:22]} 22. Ng2
{[%clk 1:03:28]} Ne7 {[%clk 1:14:37]} 23. Ne3 {[%clk 1:03:01]} b6
{[%clk 1:09:04]} 24. Rd1 {[%clk 0:58:27]} bxa5 {[%clk 1:07:00]} 25. Bxa5
{[%clk 0:56:26]} Bxa5 {[%clk 1:04:29]} 26. Qxa5 {[%clk 0:54:56]} h6
{[%clk 1:03:04]} 27. d5 {[%clk 0:48:00]} Bh3 {[%clk 1:02:02]} 28. Bg2
{[%clk 0:46:20]} Ra8 {[%clk 0:53:06]} 29. dxc6 {[%clk 0:43:16]} Qc8
{[%clk 0:52:48]} 30. c7 {[%clk 0:42:13]} Kh7 {[%clk 0:52:10]} 31. Bxa8
{[%clk 0:40:33]} Qxa8 {[%clk 0:52:34]} 32. Nd5 {[%clk 0:38:19]} Nc8
{[%clk 0:50:22]} 33. Qc3 {[%clk 0:33:44]} Qc6 {[%clk 0:49:41]} 34. Nf4
{[%clk 0:30:51]} Bg4 {[%clk 0:49:34]} 35. Re1 {[%clk 0:28:45]} Qxc7
{[%clk 0:48:45]} 36. Qd3+ {[%clk 0:28:04]} g6 {[%clk 0:48:50]} 37. Qd4
{[%clk 0:26:14]} Qa5 {[%clk 0:44:16]} 38. Ra1 {[%clk 0:24:54]} Qf5
{[%clk 0:43:14]} 39. Ra6 {[%clk 0:23:03]} Bf3 {[%clk 0:41:58]} 40. Qd3
{[%clk 0:22:09]} Be4 {[%clk 0:41:19]} 41. Qe3 {[%clk 0:21:35]} Bb7
{[%clk 0:40:21]} 42. Ra1 {[%clk 0:20:38]} g5 {[%clk 0:39:37]} 43. Ne2
{[%clk 0:19:41]} Kg7 {[%clk 0:35:05]} 44. Nd4 {[%clk 0:15:55]} Qh3
{[%clk 0:34:59]} 45. f3 {[%clk 0:15:47]} h5 {[%clk 0:35:03]} 46. Ra2
{[%clk 0:14:46]} a6 {[%clk 0:23:28]} 47. Qd3 {[%clk 0:12:13]} Ne7
{[%clk 0:20:32]} 48. Qf1 {[%clk 0:11:30]} Qd7 {[%clk 0:20:16]} 49. Rd2
{[%clk 0:11:02]} Qc7 {[%clk 0:20:23]} 50. Qh3 {[%clk 0:10:24]} Qa5
{[%clk 0:19:53]} 51. Rd1 {[%clk 0:09:26]} Qe5 {[%clk 0:15:07]} 52. Kf2
{[%clk 0:07:35]} Bc8 {[%clk 0:12:53]} 53. Qxh5 {[%clk 0:05:23]} Qc5
{[%clk 0:12:55]} 54. Ke1 {[%clk 0:03:37]} Qa5+ {[%clk 0:11:43]} 55. Kf1
{[%clk 0:02:52]} Qc3 {[%clk 0:09:50]} 56. Ne2 {[%clk 0:01:41]} Qxb3
{[%clk 0:09:29]} 57. Rd8 {[%clk 0:01:41]} Qb1+ {[%clk 0:07:57]} 58. Kg2
{[%clk 0:01:44]} Qh7 {[%clk 0:05:53]} 59. Qxh7+ {[%clk 0:01:54]} Kxh7
{[%clk 0:06:18]} 60. f4 {[%clk 0:01:53]} Bb7+ {[%clk 0:05:36]} 61. Kf2
{[%clk 0:02:02]} Bc6 {[%clk 0:04:36]} 62. Nd4 {[%clk 0:01:37]} Be4
{[%clk 0:03:41]} 63. Re8 {[%clk 0:01:28]} gxf4 {[%clk 0:03:01]} 64. Rxe7
{[%clk 0:01:24]} fxg3+ {[%clk 0:03:23]} 65. hxg3 {[%clk 0:01:44]} Bd3
{[%clk 0:03:42]} 66. Rxf7+ {[%clk 0:01:53]} Kg6 {[%clk 0:04:07]} 67. Rc7
{[%clk 0:02:09]} a5 {[%clk 0:04:27]} 68. Ke3 {[%clk 0:02:17]} Bf1
{[%clk 0:04:43]} 69. c5 {[%clk 0:02:35]} a4 {[%clk 0:05:06]} 70. Ra7
{[%clk 0:02:42]} 1-0